Statistics for BoJack Horseman: Complete the Quote

Click here to take the quiz!

General Stats

  • This quiz has been taken 24 times
  • The average score is 8 of 16

Answer Stats

EpisodeQuoteCharacterAnswer% Correct
(various)What is this, a _________ episode?Mr. PeanutbutterCrossover
91%
(various)That's ___ ____, man!Sarah LynnToo much
91%
S6E15Eyes locked shut but peak to see, the ____ from halfway down.SecretariatView
82%
S6E16Oh, well. It was nice while it ______, right?Todd ChavezLasted
82%
S1E12I went to stock market today. I did a ________.Vincent AdultmanBusiness
77%
S1E4I believe everyone's either a Zoë or a _____.WayneZelda
73%
S2E2Slap my salami, the guy's a ______.BoJack HorsemanCommie
55%
S5E2(to Diane) Did you get a longer ____ or something?BoJack HorsemanNeck
50%
S4E3I do love getting my _______ taken. It's proof I exist.Todd ChavezPicture
45%
S1E1Always a __________, never a Clyde, eh, BoJack?Mr. PeanutbutterClydesdale
32%
S5E12I am a rudderless burning large garbage _____.Diane NguyenBarge
32%
S3E3Mr. Peanutbutter, my favourite ______ client! Why are you calling on the weekend?Princess CarolynWeekday
27%
S5E12Unless... I was ________ _______ the whole time? Oh Fish!Flip McVickerPrincess Carolyn
27%
S1E12______! And you know I don't throw that word around lightly.Todd ChavezHooray
18%
S6E6Goodbye fancy room, goodbye chair, goodbye ______ Susan.BoJack HorsemanStinky
14%
S6E10Two refrigerators? Ha! Give my regards to the ____________.Maximillian BanksRockefellers
14%

Score Distribution

Percentile by Number Answered

Percent of People with Each Score

Your Score History

You have not taken this quiz